| 000 | 00867nam a22002177a 4500 | ||
|---|---|---|---|
| 999 |
_c9120 _d9120 |
||
| 003 | AR-CdUCM | ||
| 008 | 190327b ||||| |||| 00| 0 spa d | ||
| 040 |
_aMUNICIPALIDAD PROVINCIAL DEL CUSCO _cBIBLIOTECA MUNICIPAL DEL CUSCO |
||
| 082 |
_a869.56 / _bQ8 |
||
| 100 |
_aQuiroz Malca, Demetrio _95981 |
||
| 245 |
_aPoesía : _bMármoles y vuelos, jardín de invierno, la voz elemental / |
||
| 260 |
_aLima : _bEditorial Cultura, _c1956. |
||
| 300 |
_a87 páginas ; _c20 cm. |
||
| 500 | _aDonación de la familia Nieto. Dedicatoria a Luis Nieto. | ||
| 505 | _aContenido: Presencio en verdes cielos, bajo rezo -- Al ángel taciturno, antiguo mito -- Aljofar suspendido por corolas -- Relieve proyectado, tersa sombra... | ||
| 650 |
_aPoesías peruanas _91481 |
||
| 650 |
_aSiglo XX _98 |
||
| 650 |
_aPoesía hermética _925132 |
||
| 942 |
_2ddc _cLIBROS |
||
| 945 | _adavv | ||